31 Fateful Stories/ (Record no. 167037)

MARC details
000 -LEADER
fixed length control field 00439nam a22001817a 4500
010 ## - LCCN (DPL NO)
LC control number ENG-126242
020 ## - INTERNATIONAL STANDARD BOOK NUMBER
International Standard Book Number 9781980581031
Terms of availability 325.00
035 ## - SYSTEM CONTROL NUMBER
System control number EN-109774
037 ## - SOURCE OF ACQUISITION
Source of stock number/acquisition DBAD/PUB
082 ## - DEWEY DECIMAL CLASSIFICATION NUMBER
Classification number S
100 ## - MAIN ENTRY--PERSONAL NAME
Personal name Goyal,Arunesh
245 ## - TITLE STATEMENT
Title 31 Fateful Stories/
Statement of responsibility, etc by Arunesh Goyal
260 ## - PUBLICATION, DISTRIBUTION, ETC. (IMPRINT)
Place of publication, distribution, etc Delhi
Name of publisher, distributor, etc Arunesh Goyal
Date of publication, distribution, etc 2018
270 ## - ADDRESS
Address Shahadra
City Delhi
300 ## - PHYSICAL DESCRIPTION
Extent 101p.
Other physical details 20cm(pbk)
760 ## - MAIN SERIES ENTRY
Edition 2
942 ## - ADDED ENTRY ELEMENTS (KOHA)
Source of classification or shelving scheme Dewey Decimal Classification
Item type English Books
Classification part S
Call number suffix GOY
Holdings
Withdrawn status Lost status Not for loan Collection code Home library Current library Date acquired Source of acquisition Cost, normal purchase price Full call number Barcode Copy number Cost, replacement price Koha item type
      Fiction Ashok Vihar Ashok Vihar 20/08/2019 DBAD/PUB 325.00 S GOY EN-109774 1 325.00 English Books

© Delhi Public Library
Hit Counter
free hit counter